Music Quiz

Random Music or Bands Quiz

Lesser Known Rock Songs Quiz Stats

 Plays Quiz not verified by Sporcle

Score 0/20 Timer 05:00
0 Plays Today
% Correct
Aerosmith
73.3%
Led Zeppelin
71.3%
Eagles
67.3%
Jimi Hendrix
66.3%
Creedence Clearwater Revival
59.4%
Pink Floyd
54.5%
Van Halen
53.5%
AC/DC
50.5%
Guns n Roses
49.5%
Metallica
48.5%
% Correct
Bob Seger
48.5%
Bob Dylan
47.5%
Lynyrd Skynyrd
45.5%
ZZ Top
44.6%
Judas Priest
44.6%
Stevie Ray Vaughan
40.6%
Black Sabbath
39.6%
Blue Oyster Cult
35.6%
Thin Lizzy
33.7%
Blackfoot
32.7%

You're not logged in!

Compare scores with friends on all Sporcle quizzes.
OR
Log In

Show Comments

Extras

Top Quizzes Today


Score Distribution

Your Account Isn't Verified!

In order to create a playlist on Sporcle, you need to verify the email address you used during registration. Go to your Sporcle Settings to finish the process.

Report this User

Report this user for behavior that violates our Community Guidelines.

Details: